[Event "CZE-chT2F 0910"]
[Site "Czech Republic"]
[Date "2010.03.14"]
[Round "9.4"]
[White "Schuster, Vit"]
[Black "Stukner, Simon"]
[Result "0-1"]
[WhiteElo "2059"]
[BlackElo "2170"]
[PlyCount "48"]
[EventDate "2009.10.18"]
[EventType "team-tourn"]
[EventRounds "11"]
[EventCountry "CZE"]
[SourceTitle "EXT 2012"]
[Source "ChessBase"]
[SourceDate "2011.11.24"]
[SourceVersion "1"]
[SourceVersionDate "2011.11.24"]
[SourceQuality "1"]
[WhiteTeam "Bruntal"]
[BlackTeam "Frydek Mistek II"]
[WhiteTeamCountry "CZE"]
[BlackTeamCountry "CZE"]

1. e4 c5 2. Nf3 Nc6 3. d4 cxd4 4. Nxd4 g6 5. Nxc6 bxc6 6. Qd4 Nf6 7. e5 Nd5 8. c4 Qb6 9. Qe4 Nc7 10. Be3 Qxb2 11. Bd4 Qc1+ 12. Ke2 Qxc4+ 13. Ke3 Bh6+ 14. f4 Qe6 15. Nc3 0-0 16. Rd1 Nd5+ 17. Nxd5 cxd5 18. Qf3 f6 19. Bc4 Bb7 20. Ke2 fxe5 21. Bxe5 dxc4 22. Qxb7 Bxf4 23. Rxd7 Qxe5+ 24. Kd1 Rad8 0-1

[Event "CZE-chT2f 0607"]
[Site "Czech Republic"]
[Date "2007.02.25"]
[Round "8.3"]
[White "Benco, Pavel"]
[Black "Schuster, Vit"]
[Result "1-0"]
[WhiteElo "2126"]
[BlackElo "2132"]
[PlyCount "87"]
[EventDate "2006.10.14"]
[EventType "team"]
[EventRounds "11"]
[EventCountry "CZE"]
[SourceTitle "EXT 2009"]
[Source "ChessBase"]
[SourceDate "2008.11.26"]
[SourceVersion "1"]
[SourceVersionDate "2008.11.26"]
[SourceQuality "1"]

1. d4 Nf6 2. c4 e5 3. e3 Bb4+ 4. Bd2 Bxd2+ 5. Nxd2 exd4 6. exd4 0-0 7. Bd3 d5 8. Ne2 Nc6 9. 0-0 Bg4 10. f3 Bh5 11. Re1 dxc4 12. Nxc4 Re8 13. Qd2 Nxd4 14. Bxh7+ Kxh7 15. Nxd4 Qd5 16. Ne3 Qd7 17. Rad1 Rad8 18. Qf2 Qa4 19. Nef5 c5 20. Nb3 Rxd1 21. Rxd1 Bg6 22. Nd6 Rd8 23. Rd2 b6 24. Nxf7 Rxd2 25. Ng5+ Kg8 26. Qxd2 Qxa2 27. Qd8+ Be8 28. Qd3 Qxb2 29. Qc4+ Kh8 30. h4 Qe5 31. g4 a5 32. Kg2 a4 33. Nd2 b5 34. Qd3 Qd5 35. Qe3 a3 36. Nde4 Nxe4 37. Nxe4 a2 38. Nf6 Bc6 39. Nxd5 Bxd5 40. Qe8+ Bg8 41. Qh5+ Bh7 42. Qe5 c4 43. h5 b4 44. h6 1-0

[Event "CZE-chT2f 0607"]
[Site "Czech Republic"]
[Date "2007.01.14"]
[Round "6.4"]
[White "Schuster, Vit"]
[Black "Krajina, Ales"]
[Result "0-1"]
[WhiteElo "2132"]
[BlackElo "2209"]
[PlyCount "102"]
[EventDate "2006.10.14"]
[EventType "team"]
[EventRounds "11"]
[EventCountry "CZE"]
[SourceTitle "EXT 2009"]
[Source "ChessBase"]
[SourceDate "2008.11.26"]
[SourceVersion "1"]
[SourceVersionDate "2008.11.26"]
[SourceQuality "1"]

1. e4 a6 2. d4 b5 3. Bg5 Bb7 4. Nd2 h6 5. Bh4 g5 6. Bg3 Bg7 7. c3 d6 8. a4 bxa4 9. Qxa4+ Nd7 10. Bc4 e6 11. Ne2 Ngf6 12. f3 0-0 13. Bd3 e5 14. 0-0 Re8 15. Bf2 d5 16. Ng3 Bf8 17. b4 exd4 18. cxd4 dxe4 19. fxe4 Ng4 20. Qb3 Nb6 21. Nc4 Bc8 22. Nxb6 cxb6 23. Bc4 Be6 24. d5 Bd7 25. Bd4 b5 26. Be2 Ne5 27. Nh5 Bg7 28. Qb2 Bh8 29. Ra3 Qe7 30. Rfa1 Qd6 31. h3 Qg6 32. Ng3 Qf6 33. Rf1 Nf3+ 34. Bxf3 Qxd4+ 35. Qxd4 Bxd4+ 36. Kh1 Be5 37. Ne2 Rec8 38. Bh5 f6 39. Rb1 Rc4 40. Bf3 h5 41. Bxh5 Bd6 42. Rab3 Rxe4 43. Kg1 f5 44. Kf2 Kg7 45. Bf3 Rc4 46. g3 Kf6 47. R3b2 Re8 48. Nc1 f4 49. g4 Re3 50. Na2 Rd4 51. Rb3 Rd2+ 0-1

[Event "CZE-chT2f 0607"]
[Site "Czech Republic"]
[Date "2006.11.19"]
[Round "3.6"]
[White "Kopec, Ladislav"]
[Black "Schuster, Vit"]
[Result "1-0"]
[WhiteElo "2169"]
[BlackElo "2132"]
[PlyCount "39"]
[EventDate "2006.10.14"]
[EventType "team"]
[EventRounds "11"]
[EventCountry "CZE"]
[SourceTitle "EXT 2009"]
[Source "ChessBase"]
[SourceDate "2008.11.26"]
[SourceVersion "1"]
[SourceVersionDate "2008.11.26"]
[SourceQuality "1"]

1. e4 e5 2. Nf3 Nc6 3. Bb5 a6 4. Ba4 Nf6 5. 0-0 Nxe4 6. Re1 Nc5 7. Nc3 Nxa4 8. Nxe5 Be7 9. Nd5 Kf8 10. Nxc6 dxc6 11. Nxe7 Be6 12. b3 Qxe7 13. bxa4 h5 14. Qf3 Qd7 15. d3 Re8 16. h4 Qd4 17. Qg3 Qc3 18. Qe5 Qxe5 19. Rxe5 Bd5 20. Ba3+ 1-0

[Event "CZE-chT2f 0506"]
[Site "Czech Republic"]
[Date "2005.11.20"]
[Round "3.8"]
[White "Schuster, Vit"]
[Black "Merta, Vlastimil"]
[Result "1-0"]
[WhiteElo "1984"]
[BlackElo "1921"]
[PlyCount "45"]
[EventDate "2005.10.16"]
[EventType "team"]
[EventRounds "11"]
[EventCountry "CZE"]
[SourceTitle "EXT 2009"]
[Source "ChessBase"]
[SourceDate "2008.11.26"]
[SourceVersion "1"]
[SourceVersionDate "2008.11.26"]
[SourceQuality "1"]

1. e4 c6 2. d4 d5 3. Nc3 dxe4 4. Nxe4 Bf5 5. Ng3 Bg6 6. f4 e6 7. Bc4 Bd6 8. c3 b5 9. Bb3 Qf6 10. Qf3 Ne7 11. N1e2 Nd7 12. 0-0 h5 13. Bd2 Rb8 14. Rae1 Nb6 15. Ne4 Bxe4 16. Qxe4 h4 17. Qf3 g6 18. Kh1 Rh7 19. Ng1 a5 20. Nh3 Nbd5 21. Ng5 Rh5 22. Ne4 Qh8 23. Nxd6+ 1-0

[Event "CZE-chT2f 0506"]
[Site "Czech Republic"]
[Date "2005.11.06"]
[Round "2.8"]
[White "Albertovic, Lukas"]
[Black "Schuster, Vit"]
[Result "0-1"]
[WhiteElo "2040"]
[BlackElo "1984"]
[PlyCount "61"]
[EventDate "2005.10.16"]
[EventType "team"]
[EventRounds "11"]
[EventCountry "CZE"]
[SourceTitle "EXT 2009"]
[Source "ChessBase"]
[SourceDate "2008.11.26"]
[SourceVersion "1"]
[SourceVersionDate "2008.11.26"]
[SourceQuality "1"]

1. e4 e5 2. f4 d5 3. exd5 e4 4. d3 Nf6 5. dxe4 Nxe4 6. Nf3 Bc5 7. Qe2 Bf5 8. Nc3 Qe7 9. Be3 Nxc3 10. Bxc5 Nxe2 11. Bxe7 Nxf4 12. Bg5 Nxd5 13. 0-0-0 c6 14. c4 Ne7 15. Re1 f6 16. Nd4 Bg6 17. Bf4 Kf7 18. h4 Bh5 19. Ne6 Ng6 20. g3 Nd7 21. Bh3 Nge5 22. Ng5+ Kg6 23. g4 Nd3+ 24. Kb1 Nxf4 25. gxh5+ Kxh5 26. Bxd7 fxg5 27. Re5 h6 28. hxg5+ Kg6 29. gxh6 Rxh6 30. Rg1+ Kf7 31. Reg5 0-1